International Business Featuring a dynamic cross-cultural Multimedia Study tool

Shranjeno v:
Bibliografske podrobnosti
Glavni avtor: Không rõ
Format: Knjiga
Jezik:Vietnamese
Izdano: NOTNXB 2003
Oznake: Označite
Brez oznak, prvi označite!
Thư viện lưu trữ: Mạng thư viện Đại học Đà Nẵng
LEADER 00626nam a2200265 4500
001 000026308
003 296
005 20150204120000.0
008 150204s vm 000 vie
020 |c 0,0000 
040 |a D7 
100 |a Không rõ 
245 |a International Business Featuring a dynamic cross-cultural Multimedia Study tool 
260 |b NOTNXB  |c 2003 
OWN |a LTT 
999 |a From the UDN01 
TYP |a Monograph 
TYP |a Printed language 
980 |a Mạng thư viện Đại học Đà Nẵng